| 000 | 01270nam a2200265 a 4500 | ||
|---|---|---|---|
| 001 | 26244 | ||
| 003 | BD-RjUL | ||
| 005 | 20211209051005.0 | ||
| 008 | 850530s1921 enkaf b 001 0 eng d | ||
| 035 | _a(BD-RjUL)26314 | ||
| 040 |
_aEXN _cEXN _dOCL _dBD-RjUL _beng |
||
| 041 | _aeng | ||
| 082 |
_223 _a297.122 _bSAP 1921 |
||
| 100 | 1 |
_aSale, George, _d1697?-1736. _9223602 |
|
| 245 | 1 | 4 |
_aThe preliminary discourse to the Koran / _cby George Sale ; with an introduction by sir Edward Denison Ross |
| 260 |
_aLondon : _bF. Warne, _c[1921]. |
||
| 300 |
_axiii, 208 p., [8] leaves of plates : _bill. ; _c22 cm. |
||
| 500 | _a "Imprint date from English Catalogue of Books." | ||
| 504 | _aIncludes Bibliographical footnotes and index | ||
| 505 | 0 | _aList of illustrations to Preliminary discourse: Mecca, pilgrims praying before the Caaba -- Damascus, the Bride Minaret -- Cairo, the Mosque of Sultan Barkuk -- Jerusalem, the Mosque El-Aksa -- Jerusalem, the Mosque of Omar -- Constantinople, the Mosque of St. Sophia -- Constantinople, Mosque of St. Sophia (Interior) -- Delhi, the Great Mosque. | |
| 650 | 0 |
_aIslam. _9223603 _xStudy and teaching |
|
| 650 | 0 |
_aQur'an _xIntroductions. _9223606 |
|
| 700 |
_aRoss, Edward Denison, introducer _9223605 |
||
| 942 |
_2ddc _cRAR |
||
| 999 |
_c26244 _d26244 |
||